Score 0/15 Timer 04:00
3 Plays Today
% Correct
Princeton University
78.1%
Jane Eyre (novel)
76.5%
Missouri Compromise
75.3%
Stethoscope
72.4%
The Boxer Rebellion
71.3%
Safety pin
70.8%
General relativity
61.4%
US Department of the Interior
60.5%
% Correct
John T. Scopes
58.5%
Margaret Thatcher
44.9%
Haribo
42%
Bulldozer
32.7%
Malcolm X
27.6%
Fax machine
26.4%
Technicolor
24.9%

You're not logged in!

Compare scores with friends on all Sporcle quizzes.
OR
Log In

Sporcle TV

Today on Sporcle TV


Watch our educational content, quiz creation guides, and fun videos on Sporcle TV.

Show Comments

Extras

Top Quizzes Today


Score Distribution

Paid Content

Your Account Isn't Verified!

In order to create a playlist on Sporcle, you need to verify the email address you used during registration. Go to your Sporcle Settings to finish the process.

Report this User

Report this user for behavior that violates our Community Guidelines.

Details: